[Event "HUN-ch Rapid"]
[Site "Ajka"]
[Date "2025.07.20"]
[Round "8"]
[White "Nemeth, Zalan"]
[Black "Papp, Levente"]
[Result "1/2-1/2"]
[WhiteElo "2329"]
[BlackElo "2375"]
[PlyCount "101"]
[EventDate "2025.07.19"]
[EventType "swiss (rapid)"]
[EventRounds "9"]
[EventCountry "HUN"]
[SourceTitle "CB30_2025"]
[SourceDate "2025.07.23"]
[SourceVersion "1"]
[SourceVersionDate "2025.07.23"]
[SourceQuality "1"]

1. d4 Nf6 2. c4 e6 3. g3 d5 4. Nf3 a6 5. Bg2 dxc4 6. a4 c5 7. 0-0 Nc6 8. dxc5 Qxd1 9. Rxd1 Bxc5 10. Nbd2 e5 11. Nxc4 e4 12. Ng5 Bf5 13. Be3 Bb4 14. Nd6+ Bxd6 15. Rxd6 0-0 16. Rad1 h6 17. Nh3 Rfd8 18. Rxd8+ Rxd8 19. Rxd8+ Nxd8 20. f3 Nc6 21. Bd2 Nd4 22. Kf2 Bd7 23. a5 exf3 24. exf3 Nb3 25. Be1 Bc6 26. Nf4 Nd7 27. Nd3 Kf8 28. Bb4+ Ke8 29. Ke3 Nf6 30. Kf2 Nd5 31. Be1 Ne7 32. Nb4 Nxa5 33. Nxa6 Nc4 34. b3 Ne5 35. Nb4 Nd5 36. Nxc6 bxc6 37. Bf1 Ke7 38. h3 Kd6 39. f4 Nd7 40. Kf3 Nc5 41. Bc4 f6 42. Bd2 Ne6 43. Kg4 Ne7 44. Bb4+ c5 45. Ba3 Nd4 46. b4 cxb4 47. Bxb4+ Kd7 48. Kh5 Ndf5 49. Bb5+ Ke6 50. Bc4+ Kd7 51. Bb5+ 1/2-1/2

[Event "Balatonlelle Rigo Memorial GM-A 4th"]
[Site "Balatonlelle"]
[Date "2025.06.23"]
[Round "4"]
[White "Nemeth, Zalan"]
[Black "Vanczak, Tamas"]
[Result "1/2-1/2"]
[WhiteElo "2324"]
[BlackElo "2407"]
[PlyCount "34"]
[EventDate "2025.06.21"]
[EventType "tourn"]
[EventRounds "9"]
[EventCountry "HUN"]
[EventCategory "6"]
[SourceTitle "CB27_2025"]
[SourceDate "2025.07.02"]
[SourceVersion "1"]
[SourceVersionDate "2025.07.02"]
[SourceQuality "1"]

1. d4 Nf6 2. c4 g6 3. g3 Bg7 4. Bg2 0-0 5. Nc3 d6 6. Nf3 Nbd7 7. 0-0 e5 8. e4 b6 9. Re1 Bb7 10. Rb1 exd4 11. Nxd4 Rb8 12. b3 Re8 13. Bb2 a6 14. a4 h5 15. Qc2 c6 16. Rbd1 Qc7 17. Bc1 Nc5 1/2-1/2

[Event "Zalakaros op 44th"]
[Site "Zalakaros"]
[Date "2025.05.30"]
[Round "7"]
[White "Kiss, Mate Jozsef"]
[Black "Nemeth, Zalan"]
[Result "0-1"]
[WhiteElo "2227"]
[BlackElo "2320"]
[PlyCount "118"]
[EventDate "2025.05.24"]
[EventType "swiss"]
[EventRounds "9"]
[EventCountry "HUN"]
[SourceTitle "CB23_2025"]
[SourceDate "2025.06.04"]
[SourceVersion "1"]
[SourceVersionDate "2025.06.04"]
[SourceQuality "1"]

1. e4 c5 2. Nf3 d6 3. d4 cxd4 4. Nxd4 Nf6 5. Nc3 Nc6 6. f3 e5 7. Nb3 Be6 8. Be3 a6 9. Nd5 Bxd5 10. exd5 Ne7 11. c4 g6 12. Bd3 Bg7 13. 0-0 0-0 14. Nd2 Nh5 15. Re1 Nf4 16. Bf1 Nf5 17. Bf2 g5 18. g3 Ng6 19. Nb3 h5 20. Bh3 Nh6 21. Rc1 b6 22. Be3 f5 23. Qc2 g4 24. fxg4 hxg4 25. Bg2 Rb8 26. Rf1 e4 27. Nd4 Bxd4 28. Bxd4 Ne5 29. Qd2 Kh7 30. Bxe5 dxe5 31. b4 Qd7 32. c5 Rfd8 33. d6 bxc5 34. bxc5 Qe6 35. Rfd1 Nf7 36. Qd5 Qxd5 37. Rxd5 Kg7 38. d7 Rb7 39. c6 Rc7 40. Bf1 Ra8 41. Rcc5 e3 42. Bc4 Rb8 43. Bb3 Kf6 44. Kf1 Rh8 45. Rd3 Nd8 46. Kg2 f4 47. gxf4 exf4 48. Rdd5 f3+ 49. Kg3 e2 50. Rf5+ Ke7 51. Rfe5+ Kf6 52. Rf5+ Ke7 53. Rfe5+ Kf6 54. Kxg4 Rxc6 55. Rf5+ Ke7 56. Rce5+ Kd6 57. Re3 Rc1 58. Rd5+ Kc7 59. Rde5 f2 0-1

[Event "Zalakaros op 44th"]
[Site "Zalakaros"]
[Date "2025.05.29"]
[Round "6"]
[White "Nemeth, Zalan"]
[Black "Juhasz, Agoston Botond"]
[Result "1/2-1/2"]
[WhiteElo "2320"]
[BlackElo "2397"]
[PlyCount "49"]
[EventDate "2025.05.24"]
[EventType "swiss"]
[EventRounds "9"]
[EventCountry "HUN"]
[SourceTitle "CB23_2025"]
[SourceDate "2025.06.04"]
[SourceVersion "1"]
[SourceVersionDate "2025.06.04"]
[SourceQuality "1"]

1. d4 Nf6 2. c4 e6 3. Nc3 Bb4 4. e3 0-0 5. Bd3 Re8 6. Nge2 d5 7. a3 Bf8 8. 0-0 b6 9. e4 dxc4 10. Bxc4 Bb7 11. Ng3 c5 12. d5 exd5 13. exd5 a6 14. a4 Nbd7 15. b3 Bd6 16. Bb2 Qc7 17. Qc2 Ne5 18. Rfe1 Neg4 19. Nce4 Be5 20. Bxe5 Qxe5 21. h3 Nh6 22. Rad1 Nxe4 23. Rxe4 Qd6 24. Rde1 Rf8 25. Re5 1/2-1/2

[Event "Budapest SixDays 03 GM-B"]
[Site "Budapest"]
[Date "2025.03.26"]
[Round "5"]
[White "Nemeth, Zalan"]
[Black "Pap, Gyula"]
[Result "1/2-1/2"]
[WhiteElo "2341"]
[BlackElo "2475"]
[PlyCount "40"]
[EventDate "2025.03.24"]
[EventType "tourn"]
[EventRounds "9"]
[EventCountry "HUN"]
[EventCategory "6"]
[SourceTitle "CB14_2025"]
[SourceDate "2024.11.01"]
[SourceVersion "1"]
[SourceVersionDate "2024.11.01"]
[SourceQuality "1"]

1. d4 d6 2. Nf3 g6 3. c4 Bg7 4. Nc3 c5 5. d5 Nf6 6. g3 e6 7. Bg2 exd5 8. cxd5 0-0 9. 0-0 Re8 10. Bf4 a6 11. a4 h6 12. Qc1 Kh7 13. Re1 Bf5 14. Nh4 Bc8 15. Qc2 Nh5 16. Bd2 Nd7 17. Nf5 Bf8 18. Ne3 Rb8 19. a5 b5 20. axb6 Nxb6 1/2-1/2

[Event "Budapest One Week GM-B 03"]
[Site "Budapest"]
[Date "2025.03.19"]
[Round "5"]
[White "Plat, Vojtech"]
[Black "Nemeth, Zalan"]
[Result "1-0"]
[WhiteElo "2465"]
[BlackElo "2341"]
[PlyCount "51"]
[EventDate "2025.03.17"]
[EventType "tourn"]
[EventRounds "9"]
[EventCountry "HUN"]
[EventCategory "6"]
[SourceTitle "CB13_2025"]
[SourceDate "2025.03.26"]
[SourceVersion "1"]
[SourceVersionDate "2025.03.26"]
[SourceQuality "1"]

1. e4 c5 2. Nf3 d6 3. c3 Nf6 4. Bc4 Nxe4 5. Qa4+ Nc6 6. Bxf7+ Kxf7 7. Qxe4 Qd7 8. 0-0 Qf5 9. Qe2 e5 10. d4 exd4 11. cxd4 Be7 12. dxc5 Qxc5 13. Nc3 Rf8 14. Bg5 Bxg5 15. Ne4 Qa5 16. b4 Qxb4 17. Rab1 Qa3 18. Nexg5+ Kg6 19. Rb5 Qa4 20. Rd1 Rf6 21. Qe8+ Kh6 22. Nf7+ Rxf7 23. Rh5+ Kxh5 24. Qxf7+ Kh6 25. Rxd6+ g6 26. Qf8+ 1-0

[Event "Budapest FS02 IM"]
[Site "Budapest"]
[Date "2025.02.07"]
[Round "8"]
[White "Nemeth, Zalan"]
[Black "Jakab, Attila"]
[Result "1/2-1/2"]
[WhiteElo "2258"]
[BlackElo "2235"]
[PlyCount "122"]
[EventDate "2025.02.01"]
[EventType "tourn"]
[EventRounds "9"]
[EventCountry "HUN"]
[EventCategory "1"]
[SourceTitle "CB07_2025"]
[SourceDate "2025.02.12"]
[SourceVersion "1"]
[SourceVersionDate "2025.02.12"]
[SourceQuality "1"]

1. Nf3 d5 2. c4 e6 3. g3 Nf6 4. Bg2 Be7 5. 0-0 0-0 6. b3 b6 7. cxd5 Nxd5 8. Bb2 Bb7 9. d4 Nd7 10. Re1 c5 11. e4 N5f6 12. Nc3 cxd4 13. Nxd4 Bb4 14. a3 Bxc3 15. Bxc3 Rc8 16. Nb5 Ba6 17. Bxf6 Nxf6 18. Nd6 Rc3 19. e5 Nd7 20. f4 Qc7 21. b4 Bc4 22. Qd4 Ba6 23. b5 Bc8 24. Nxc8 Rxc8 25. Bc6 Rxc6 26. bxc6 Qxc6 27. Red1 Nf8 28. Qe3 Nd7 29. Rd6 Qc7 30. Rad1 Nc5 31. Qd4 h5 32. Rd8+ Kh7 33. Rxc8 Qxc8 34. Qc4 Qa8 35. Qc2+ g6 36. Qe2 Kg7 37. h3 Qc6 38. g4 hxg4 39. hxg4 Qa4 40. Qf3 Qc2 41. Rd8 Ne4 42. Qe3 Nc3 43. Qf2 Qc1+ 44. Kh2 Ne4 45. Qf3 Nd2 46. Qa8 Nf1+ 47. Kh3 Qxa3+ 48. Kg2 Ne3+ 49. Kg1 Qc1+ 50. Kh2 Nxg4+ 51. Kg3 Nh6 52. Rh8 Qg1+ 53. Kf3 Qf1+ 54. Ke4 Qc4+ 55. Kf3 Qd3+ 56. Kg2 Qe2+ 57. Kg1 Qg4+ 58. Kh1 Qh4+ 59. Kg2 Qg4+ 60. Kh1 Qh4+ 61. Kg2 Qg4+ 1/2-1/2

[Event "Budapest SixDays 01 IM-C"]
[Site "Budapest"]
[Date "2025.01.31"]
[Round "9"]
[White "Nemeth, Zalan"]
[Black "Lewtak, Damian"]
[Result "1-0"]
[WhiteElo "2277"]
[BlackElo "2359"]
[PlyCount "111"]
[EventDate "2025.01.26"]
[EventType "tourn"]
[EventRounds "9"]
[EventCountry "HUN"]
[SourceTitle "CB06_2025"]
[SourceDate "2025.02.05"]
[SourceVersion "1"]
[SourceVersionDate "2025.02.05"]
[SourceQuality "1"]

1. c4 Nf6 2. d4 e6 3. g3 c5 4. d5 exd5 5. cxd5 d6 6. Nc3 g6 7. Bg2 Bg7 8. Nf3 0-0 9. 0-0 Re8 10. Bf4 a6 11. a4 Bf5 12. Nd2 Nh5 13. e4 Nxf4 14. gxf4 Bc8 15. Nc4 Qf6 16. Qf3 Nd7 17. Rfe1 Bh6 18. e5 Qxf4 19. e6 fxe6 20. dxe6 Qxf3 21. Bxf3 Ne5 22. Nxe5 dxe5 23. Nd5 Bxe6 24. Nf6+ Kf7 25. Nxe8 Rxe8 26. Rxe5 b6 27. Rae1 Bd7 28. Bd5+ Kf8 29. Rxe8+ Bxe8 30. Re6 Bxa4 31. Rxb6 Bb5 32. Bb7 Bg7 33. b3 c4 34. bxc4 Bxc4 35. Bxa6 Bxa6 36. Rxa6 Kf7 37. Kg2 h6 38. h3 Bd4 39. Kg3 Bc5 40. f3 Be3 41. Rc6 Bd4 42. Kf4 Kg7 43. h4 Bf2 44. Kg4 Be3 45. h5 gxh5+ 46. Kxh5 Bd2 47. Kg4 Be3 48. Ra6 Bd2 49. Ra2 Bc3 50. Kf5 Bd4 51. Rd2 Be3 52. Rd7+ Kf8 53. Kg6 Bc1 54. Rh7 Ke8 55. Rxh6 Ke7 56. Rh2 1-0

[Event "Budapest SixDays 01 IM-C"]
[Site "Budapest"]
[Date "2025.01.30"]
[Round "7"]
[White "Nemeth, Zalan"]
[Black "Turzo, Attila"]
[Result "0-1"]
[WhiteElo "2277"]
[BlackElo "2248"]
[PlyCount "160"]
[EventDate "2025.01.26"]
[EventType "tourn"]
[EventRounds "9"]
[EventCountry "HUN"]
[SourceTitle "CB06_2025"]
[SourceDate "2025.02.05"]
[SourceVersion "1"]
[SourceVersionDate "2025.02.05"]
[SourceQuality "1"]

1. d4 d5 2. c4 c6 3. Nf3 Nf6 4. g3 Bf5 5. Nc3 e6 6. Qb3 Qb6 7. c5 Qc7 8. Bf4 Qc8 9. Nh4 Bg6 10. Nxg6 hxg6 11. Bg2 Nbd7 12. 0-0 Be7 13. Qc2 Bd8 14. b4 Bc7 15. Bxc7 Qxc7 16. Rfd1 0-0 17. Rab1 a5 18. b5 cxb5 19. Nxb5 Qc6 20. a4 b6 21. Rbc1 Rfc8 22. Nd6 Rcb8 23. e4 bxc5 24. exd5 exd5 25. dxc5 Rb4 26. Nb5 Ne5 27. Qa2 Rd8 28. Nc3 Rc4 29. Nxd5 Rxd5 30. Bxd5 Rxc1 31. Bxc6 Rxd1+ 32. Kg2 Nxc6 33. Qb3 Re1 34. Qb7 Re6 35. Qc8+ Kh7 36. Qc7 Ne4 37. Qxf7 Nxc5 38. h4 Ne5 39. Qc7 Nxa4 40. Qxa5 Nb6 41. f4 Ng4 42. Kh3 Nf2+ 43. Kg2 Ng4 44. Kh3 Nh6 45. Qb5 Nf5 46. h5 Ne7 47. hxg6+ Rxg6 48. Qd3 Nbd5 49. Qe4 Kg8 50. g4 Kf8 51. g5 Kf7 52. Qe5 Re6 53. Qd4 Re3+ 54. Kh2 g6 55. Qh8 Rf3 56. Qh7+ Ke6 57. f5+ Rxf5 58. Qh3 Nf4 59. Qe3+ Kf7 60. Qb3+ Ne6 61. Kg2 Rxg5+ 62. Kf2 Rf5+ 63. Kg1 g5 64. Qc4 Rf4 65. Qd3 Ng6 66. Qc3 Nh4 67. Qb3 Kf6 68. Qb2+ Nd4 69. Qb6+ Kf5 70. Qc5+ Kg4 71. Qc8+ Kg3 72. Qc7 Kh3 73. Qc3+ Nhf3+ 74. Kh1 Kg3 75. Qc7 Nf5 76. Qb8 Nh6 77. Qc7 Ng8 78. Qd6 Nf6 79. Qb8 Ne4 80. Qxf4+ Kxf4 0-1

[Event "Budapest One Week IM-A 12"]
[Site "Budapest"]
[Date "2024.12.17"]
[Round "4"]
[White "Collins, Adam"]
[Black "Nemeth, Zalan"]
[Result "1/2-1/2"]
[WhiteElo "2155"]
[BlackElo "2286"]
[PlyCount "61"]
[EventDate "2024.12.16"]
[EventType "tourn"]
[EventRounds "9"]
[EventCountry "HUN"]
[SourceTitle "CB52_2024"]
[SourceDate "2024.12.25"]
[SourceVersion "1"]
[SourceVersionDate "2024.12.25"]
[SourceQuality "1"]

1. d4 d5 2. c4 e6 3. Nc3 a6 4. cxd5 exd5 5. Bf4 Nf6 6. Nf3 Bd6 7. Bxd6 Qxd6 8. e3 Bf5 9. Bd3 Bxd3 10. Qxd3 Nbd7 11. 0-0 0-0 12. Rfc1 c6 13. Rab1 a5 14. a3 Rfe8 15. Nd2 b5 16. a4 b4 17. Ne2 c5 18. dxc5 Nxc5 19. Qb5 Nfd7 20. Nd4 Reb8 21. Qc6 Qxc6 22. Nxc6 Rb6 23. Ne7+ Kf8 24. Nxd5 Rd6 25. e4 Nxe4 26. Nxe4 Rxd5 27. Rd1 Rxd1+ 28. Rxd1 Rc8 29. g3 Nb6 30. b3 Ke7 31. Re1 1/2-1/2

[Event "Budapest One Week IM-A 12"]
[Site "Budapest"]
[Date "2024.12.17"]
[Round "3"]
[White "Velikic, Adela"]
[Black "Nemeth, Zalan"]
[Result "0-1"]
[WhiteElo "2237"]
[BlackElo "2286"]
[PlyCount "92"]
[EventDate "2024.12.16"]
[EventType "tourn"]
[EventRounds "9"]
[EventCountry "HUN"]
[SourceTitle "CB52_2024"]
[SourceDate "2024.12.25"]
[SourceVersion "1"]
[SourceVersionDate "2024.12.25"]
[SourceQuality "1"]

1. d4 d5 2. c4 e6 3. Nf3 c6 4. Nc3 dxc4 5. e3 b5 6. a4 Bb4 7. Bd2 a5 8. axb5 Bxc3 9. Bxc3 cxb5 10. b3 Bb7 11. bxc4 b4 12. Bb2 Nf6 13. Bd3 0-0 14. 0-0 Be4 15. Bxe4 Nxe4 16. Qc2 f5 17. Ne5 Nd7 18. Nd3 Qc7 19. Rfc1 Rfc8 20. Nf4 Nb6 21. f3 Qxc4 22. Qxc4 Nxc4 23. fxe4 Nxb2 24. Rxc8+ Rxc8 25. exf5 exf5 26. Rxa5 b3 27. Ra1 Na4 28. Rxa4 b2 29. Rb4 Rc1+ 30. Kf2 b1Q 31. Rxb1 Rxb1 32. h4 g6 33. Kf3 Rf1+ 34. Ke2 Rh1 35. g3 Kf7 36. Kf3 Rf1+ 37. Kg2 Ra1 38. Kf3 Ra3 39. Nh3 h6 40. Kf4 Kf6 41. Nf2 g5+ 42. hxg5+ hxg5+ 43. Kf3 g4+ 44. Kf4 Rb3 45. d5 Rb2 46. Nd3 Rd2 0-1

[Event "Budapest FS12 IM"]
[Site "Budapest"]
[Date "2024.12.14"]
[Round "9"]
[White "Nemeth, Zalan"]
[Black "Kwon, Sehyun"]
[Result "0-1"]
[WhiteElo "2286"]
[BlackElo "2237"]
[PlyCount "48"]
[EventDate "2024.12.07"]
[EventType "tourn"]
[EventRounds "9"]
[EventCountry "HUN"]
[SourceTitle "CB51_2024"]
[SourceDate "2024.12.18"]
[SourceVersion "1"]
[SourceVersionDate "2024.12.18"]
[SourceQuality "1"]

1. Nf3 Nf6 2. g3 g6 3. Bg2 Bg7 4. 0-0 0-0 5. d4 d5 6. c4 c6 7. Nc3 dxc4 8. e4 b5 9. Qe2 b4 10. Na4 Qa5 11. Nc5 Nfd7 12. Nxd7 Nxd7 13. Bg5 e5 14. Rfd1 exd4 15. Qxc4 c5 16. Be7 Re8 17. Qd5 Rb8 18. Bd6 Bb7 19. Qb3 Rbc8 20. Nd2 Qa6 21. Bf4 c4 22. Qf3 c3 23. bxc3 bxc3 24. Rdb1 Ba8 0-1

[Event "Budapest FS12 IM"]
[Site "Budapest"]
[Date "2024.12.12"]
[Round "6"]
[White "Mahitosh, Dey"]
[Black "Nemeth, Zalan"]
[Result "1/2-1/2"]
[WhiteElo "2245"]
[BlackElo "2286"]
[PlyCount "89"]
[EventDate "2024.12.07"]
[EventType "tourn"]
[EventRounds "9"]
[EventCountry "HUN"]
[SourceTitle "CB51_2024"]
[SourceDate "2024.12.18"]
[SourceVersion "1"]
[SourceVersionDate "2024.12.18"]
[SourceQuality "1"]

1. e4 e5 2. Nf3 Nf6 3. Nc3 Nc6 4. a3 d5 5. Bd3 Bg4 6. h3 Bh5 7. exd5 Nxd5 8. Be4 Nxc3 9. bxc3 Qd6 10. a4 0-0-0 11. Qe2 Bg6 12. 0-0 Bxe4 13. Qxe4 Qd5 14. Qxd5 Rxd5 15. Re1 f6 16. d3 Bc5 17. Nd2 Bb6 18. Nc4 Na5 19. Nxb6+ axb6 20. Rb1 Rc5 21. c4 Nc6 22. Bd2 Kd7 23. Rb2 Ra8 24. Ra1 Nd8 25. Bb4 Rc6 26. a5 bxa5 27. Rxa5 Rxa5 28. Bxa5 Ra6 29. Bd2 Ra1+ 30. Kh2 Ne6 31. g3 b6 32. Kg2 Nd8 33. Be3 Nb7 34. Kf3 Kc6 35. h4 h5 36. c3 Ra3 37. Rc2 Nc5 38. Ke2 e4 39. dxe4 Nxe4 40. Kd3 Nd6 41. Bf4 Nb7 42. Be3 Nd6 43. Bf4 Nb7 44. Be3 Nd6 45. Bf4 1/2-1/2

[Event "Budapest FS12 IM"]
[Site "Budapest"]
[Date "2024.12.07"]
[Round "1"]
[White "Seres, Lajos"]
[Black "Nemeth, Zalan"]
[Result "0-1"]
[WhiteElo "2308"]
[BlackElo "2286"]
[PlyCount "50"]
[EventDate "2024.12.07"]
[EventType "tourn"]
[EventRounds "9"]
[EventCountry "HUN"]
[SourceTitle "CB51_2024"]
[SourceDate "2024.12.18"]
[SourceVersion "1"]
[SourceVersionDate "2024.12.18"]
[SourceQuality "1"]

1. d4 Nf6 2. Nf3 d5 3. c4 e6 4. Bg5 dxc4 5. Nc3 c5 6. Bxf6 Qxf6 7. d5 Be7 8. e4 0-0 9. d6 Bd8 10. Bxc4 Bd7 11. Qb3 Ba5 12. 0-0 Nc6 13. Qxb7 Rfd8 14. Qb3 Rab8 15. Qc2 Rxb2 16. Qxb2 Bxc3 17. Qc1 Bxa1 18. Qxa1 e5 19. Bd5 Qxd6 20. Ng5 Be8 21. Qc3 Nd4 22. Qc4 Qe7 23. f4 exf4 24. Rxf4 Qxg5 25. Bxf7+ Kh8 0-1

[Event "Budapest SixDays 11 IM-A"]
[Site "Budapest"]
[Date "2024.11.25"]
[Round "6"]
[White "Nemeth, Zalan"]
[Black "Mahitosh, Dey"]
[Result "1/2-1/2"]
[WhiteElo "2268"]
[BlackElo "2220"]
[PlyCount "33"]
[EventDate "2024.11.22"]
[EventType "tourn"]
[EventRounds "9"]
[EventCountry "HUN"]
[SourceTitle "CB49_2024"]
[SourceDate "2024.12.04"]
[SourceVersion "1"]
[SourceVersionDate "2024.12.04"]
[SourceQuality "1"]

1. d4 Nf6 2. c4 g6 3. g3 Bg7 4. Bg2 0-0 5. Nc3 d6 6. Nf3 c5 7. dxc5 dxc5 8. Be3 Qa5 9. 0-0 Nc6 10. Qb3 Qb4 11. Qxb4 cxb4 12. Nb5 Ng4 13. Bc5 Bxb2 14. Rab1 Bg7 15. Nc7 Rb8 16. h3 b6 17. Bxb4 1/2-1/2

[Event "Budapest Vezerkepzo IM 10"]
[Site "Budapest"]
[Date "2024.10.18"]
[Round "8"]
[White "Nemeth, Zalan"]
[Black "Turzo, Attila"]
[Result "1/2-1/2"]
[WhiteElo "2225"]
[BlackElo "2267"]
[PlyCount "110"]
[EventDate "2024.10.14"]
[EventType "tourn"]
[EventRounds "9"]
[EventCountry "HUN"]
[SourceTitle "CB43_2024"]
[Source "Chessbase"]
[SourceDate "2024.10.23"]
[SourceVersion "1"]
[SourceVersionDate "2024.10.23"]
[SourceQuality "1"]

1. d4 d5 2. c4 c6 3. Nf3 Nf6 4. g3 Bf5 5. Nc3 e6 6. Qb3 Qb6 7. c5 Qc7 8. Bf4 Qc8 9. Nh4 Bg4 10. h3 Bh5 11. g4 Bg6 12. Nxg6 hxg6 13. Bg2 Nbd7 14. Rc1 Be7 15. Qc2 Bd8 16. e3 Ng8 17. e4 Bc7 18. Bxc7 Qxc7 19. exd5 exd5 20. Qe2+ Kf8 21. 0-0 g5 22. Qd2 Qf4 23. Qxf4 gxf4 24. Nxd5 cxd5 25. Bxd5 Rb8 26. Bxb7 Rxb7 27. c6 Rb8 28. cxd7 Nf6 29. Rfe1 Nxd7 30. Rc7 Rd8 31. Rxa7 Rxh3 32. Kg2 Rd3 33. Re4 g5 34. b4 Re8 35. Rxe8+ Kxe8 36. a4 Rxd4 37. Rb7 Kd8 38. a5 Kc8 39. a6 Rd3 40. Rb5 Ra3 41. Rxg5 Rxa6 42. Rf5 Rf6 43. Rxf6 Nxf6 44. Kf3 Nd5 45. Ke4 Nxb4 46. Kxf4 Kd7 47. Kf5 Ke8 48. f4 Nd5 49. Ke5 Ne7 50. Kf6 Kf8 51. g5 Nd5+ 52. Ke5 Ne3 53. g6 fxg6 54. Kf6 Nd5+ 55. Kxg6 Nxf4+ 1/2-1/2